Introduction to thermo-dynamics and heat transfer. (Record no. 2230)

MARC details
000 -LEADER
fixed length control field 00629cam a22002172 4500
001 - CONTROL NUMBER
control field 0000003765
005 - DATE AND TIME OF LATEST TRANSACTION
control field 20151217145740.0
008 - FIXED-LENGTH DATA ELEMENTS--GENERAL INFORMATION
fixed length control field 070515s xx 000 0 eng d
020 ## - INTERNATIONAL STANDARD BOOK NUMBER
International Standard Book Number 0070114109X :
040 ## - CATALOGING SOURCE
Original cataloging agency KABU
Transcribing agency KABU
050 #0 - LIBRARY OF CONGRESS CALL NUMBER
Classification number QC311
Item number .C46
100 1# - MAIN ENTRY--PERSONAL NAME
Personal name Cengel, Yunus A.
-- 0000153892
245 10 - TITLE STATEMENT
Title Introduction to thermo-dynamics and heat transfer.
260 ## - PUBLICATION, DISTRIBUTION, ETC. (IMPRINT)
Place of publication, distribution, etc. Boston :
Name of publisher, distributor, etc. McGraw-Hill,
Date of publication, distribution, etc. 1997.
300 ## - PHYSICAL DESCRIPTION
Extent xxvii, 922 p.
650 #0 - SUBJECT ADDED ENTRY--TOPICAL TERM
Topical term or geographic name as entry element Thermodynamics.
-- 0000153888
650 #0 - SUBJECT ADDED ENTRY--TOPICAL TERM
Topical term or geographic name as entry element Heat
General subdivision Transmission.
-- 0000153893
852 1# - LOCATION
-- p6600 KES
908 ## - PUT COMMAND PARAMETER (RLIN)
Put command parameter 070515
950 ## - LOCAL HOLDINGS (RLIN)
-- 1
Holdings
Withdrawn status Lost status Source of classification or shelving scheme Not for loan Home library Current library Date acquired Total Checkouts Total Renewals Full call number Barcode Date last seen Date last checked out Price effective from Koha item type
    Library of Congress Classification   Kabarak, Main Campus Kabarak, Main Campus 17/12/2015 2 2 QC311 .C46 c. 3 16092 07/07/2023 15/06/2023 17/12/2015 General Collection
    Library of Congress Classification   Kabarak, Main Campus Kabarak, Main Campus 17/12/2015 2 1 QC311 .C46 c. 1 004842 30/08/2023 28/07/2023 17/12/2015 General Collection
    Library of Congress Classification   Kabarak, Main Campus Kabarak, Main Campus 17/12/2015 1   QC311 .C46 c. 2 010457 19/11/2018 02/11/2018 17/12/2015 General Collection
    Library of Congress Classification   Kabarak, Main Campus Kabarak, Main Campus 17/12/2015 3 2 QC311 .C46 c. 4 16093 10/02/2020 01/02/2020 17/12/2015 General Collection
Designed with assistance from East African Informatics Ltd